00446nam a2200181Ia 4500003000400000005001700004008004100021020001500062040000700077041000800084082001900092100003900111245003100150250000600181260004700187300001700234365001300251OSt20230425154313.0210423s2007 xx 000 0 und d a8177585884 cAL aeng a658 223bLEVR aLEVIN (Richard I);RUBIN (David S). aStatistics for management. a7 aNew DelhibPearson Education Pvt Ltdc2007 axvi,1026bPB b525cINR